Fundamentos sobre la compactación del hormigón / (Registro nro. 794)

Detalles MARC
000 -LEADER
campo de control de longitud fija 02711nam a22004577a 4500
001 - NÚMERO DE CONTROL
campo de control 42835
003 - IDENTIFICADOR DE NÚMERO DE CONTROL
campo de control gtgccic
005 - FECHA Y HORA DE LA ÚLTIMA TRANSACCIÓN
campo de control 20250805115738.0
007 - CAMPO FIJO DE DESCRIPCIÓN FÍSICA--INFORMACIÓN GENERAL
campo de control de longitud fija ta
008 - DATOS DE LONGITUD FIJA--INFORMACIÓN GENERAL
campo de control de longitud fija 250805b gw ||||| |||| 00| 0 spa d
040 ## - FUENTE DE CATALOGACIÓN
Centro catalogador/agencia de origen gtgccic
Lengua de catalogación spa
Centro/agencia transcriptor gtgccic
Centro/agencia modificador gtgccic
Normas de descripción rda
082 ## - NÚMERO DE LA CLASIFICACIÓN DECIMAL DEWEY
Número de clasificación 691.3 R626
082 ## - NÚMERO DE LA CLASIFICACIÓN DECIMAL DEWEY
Número de clasificación 691.3 R626 c.2
100 1# - ENTRADA PRINCIPAL--NOMBRE DE PERSONA
Nombre de persona Sepp Rixner
Término indicativo de función/relación Autor
100 1# - ENTRADA PRINCIPAL--NOMBRE DE PERSONA
Nombre de persona Ingeniero Hans Schinelbeck
Término indicativo de función/relación Autor
100 1# - ENTRADA PRINCIPAL--NOMBRE DE PERSONA
Nombre de persona Ingeniero Dirk R. Weissig
Término indicativo de función/relación Autor
245 ## - MENCIÓN DEL TÍTULO
Título Fundamentos sobre la compactación del hormigón /
Mención de responsabilidad, etc. Rixner, Sepp
250 ## - MENCION DE EDICION
Mención de edición 2da.
Resto de la mención de edición original: Grundlagen der Betonverdichtung
264 ## - PRODUCCIÓN, PUBLICACIÓN, DISTRIBUCIÓN, FABRICACIÓN Y COPYRIGHT
Producción, publicación, distribución, fabricación y copyright Munich, Alemania :
Nombre del de productor, editor, distribuidor, fabricante Wacker-Werke GmbH ;
Fecha de producción, publicación, distribución, fabricación o copyright 2001.
300 ## - DESCRIPCIÓN FÍSICA
Extensión 219 p. :
Otras características físicas il. ;
Dimensiones 21 cm
336 ## - TIPO DE CONTENIDO
Fuente rdacontenido
Término de tipo de contenido texto
Código de tipo de contenido txt
337 ## - TIPO DE MEDIO
Fuente rdamedio
Nombre/término del tipo de medio sin mediación
Código del tipo de medio n
338 ## - TIPO DE SOPORTE
Fuente rdasoporte
Nombre/término del tipo de soporte volumen
Código del tipo de soporte nc
505 ## - NOTA DE CONTENIDO CON FORMATO
Título EL CEMENTO Y SUS COMPONENTES
505 ## - NOTA DE CONTENIDO CON FORMATO
Título EL MATERIAL DE CONSTRUCCIÓN HORMIGÓN Y SUS COMPONENTES
505 ## - NOTA DE CONTENIDO CON FORMATO
Título EL MATERIAL DE CONSTRUCCIÓN HORMIGÓN Y SUS PROPIEDADES
505 ## - NOTA DE CONTENIDO CON FORMATO
Título EL MATERIAL DE CONSTRUCCIÓN HORMIGÓN Y SU CONTROL
505 ## - NOTA DE CONTENIDO CON FORMATO
Título COMPACTACIÓN DEL HORMIGÓN FRESCO Y TRATAMIENTOS ESPECIALES
505 ## - NOTA DE CONTENIDO CON FORMATO
Título EQUIPOS PARA LA COMPACTACIÓN DEL HORMIGÓN FRESCO
505 ## - NOTA DE CONTENIDO CON FORMATO
Título DISEÑO Y MODO DE FUNCIONAMIENTO DE LOS VIBRADORES INTERNOS
505 ## - NOTA DE CONTENIDO CON FORMATO
Título CONSEJOS PRÁCTICOS PARA APLICACIONES DE VIBRADORES INTERNOS
505 ## - NOTA DE CONTENIDO CON FORMATO
Título PRINCIPIOS TÉCNICOS DE LOS VIBRADORES EXTERNOS
505 ## - NOTA DE CONTENIDO CON FORMATO
Título UTILIZACIÓN DE VIBRADORES EXTERNOS PARA LA COMPACTACIÓN DE HORMIGÓN FRESCO
505 ## - NOTA DE CONTENIDO CON FORMATO
Título APLICACIONES CON VIBRADORES EXTERNOS EN ENCOFRADOS PARA HORMIGONADO IN SITU
505 ## - NOTA DE CONTENIDO CON FORMATO
Título EN TORNO A CONVERTIDORES DE FRECUENCIA Y TENSIÓN
520 ## - RESUMEN, ETC.
Sumario, etc. El Panteón en Roma con su cúpula de hormigón liviano sea el exponente más impresionante. Por ello no es de extrañar que el nombre cemento provenga de los romanos, ya que las mamposterías de piedra de cantera con el aglomerante cal viva era llamado ¨Opus Caementitium¨. En círculos profesionales se está de acuerdo que el llamado hormigón romano representa el comienzo de una nueva era en la historia de la arquitectura, siendo este uno de los inventos más destacados. Por lo demás también se encuentra en el latín la raíz de la palabra francesa hormigón, atribuida al bitumen. Recién a mediados del siglo 19 el hormigón experimenta su renacimiento, especialmente debido a la introducción del hormigón armado y del hormigón pretensado. La construcción con hormigón es económica, flexible y casi sin límites físicos, algo que no sería posible con materiales convencionales.
650 ## - PUNTO DE ACCESO ADICIONAL DE MATERIA--TÉRMINO DE MATERIA
Término de materia o nombre geográfico como elemento de entrada HORMIGÓN
650 ## - PUNTO DE ACCESO ADICIONAL DE MATERIA--TÉRMINO DE MATERIA
Término de materia o nombre geográfico como elemento de entrada CONSTRUCCIÓN CON HORMIGÓN
942 ## - ELEMENTOS DE ENTRADA SECUNDARIOS (KOHA)
Fuente de la clasificación o esquema de estantería Clasificación Decimal Dewey
Tipo de ítem Koha Libros
Suprimir en OPAC No
945 ## - PROCESAMIENTO DE INFORMACIÓN LOCAL (OCLC)
a amlo
Existencias
Estatus retirado Estado de pérdida Fuente de la clasificación o esquema de estantería Estado de daño No para préstamo Biblioteca de origen Biblioteca actual Ubicación en estantería Fecha de adquisición Fuente de adquisición Número de inventario Total de préstamos Signatura topográfica completa Código de barras Visto por última vez Copia número Precio de reemplazo Tipo de ítem Koha
    Clasificación Decimal Dewey     CENTRO DE INFORMACIÓN A LA CONSTRUCCIÓN-CICON CENTRO DE INFORMACIÓN A LA CONSTRUCCIÓN-CICON Colección general 05/08/2025 donación 8.3.01.H.691   691.3 R626 8.3.01.H.691c.1 05/08/2025 1 05/08/2025 Libros
    Clasificación Decimal Dewey     CENTRO DE INFORMACIÓN A LA CONSTRUCCIÓN-CICON CENTRO DE INFORMACIÓN A LA CONSTRUCCIÓN-CICON Colección general 05/08/2025 donación 8.3.01.H.691c.2   691.3 R626 c.2 8.3.01.H.691.c.2 05/08/2025 2 05/08/2025 Libros